[Event "Heusenstamm Schloss op"]
[Site "Heusenstamm"]
[Date "2023.11.24"]
[Round "3"]
[White "Berkes, Alexander"]
[Black "Dolzhikova, Kateryna"]
[Result "0-1"]
[WhiteElo "1974"]
[BlackElo "2323"]
[PlyCount "78"]
[EventDate "2023.11.23"]
[EventType "swiss"]
[EventRounds "7"]
[EventCountry "GER"]
[SourceTitle "CB50_2023"]
[SourceDate "2023.12.13"]
[SourceVersion "1"]
[SourceVersionDate "2023.12.13"]
[SourceQuality "1"]

1. e4 c5 2. Nf3 d6 3. Bb5+ Bd7 4. Bxd7+ Qxd7 5. 0-0 Nc6 6. c3 d5 7. exd5 Qxd5 8. d4 0-0-0 9. Be3 e5 10. Qc2 e4 11. Ng5 Nf6 12. dxc5 h6 13. c4 Nd4 14. Bxd4 Qxg5 15. Bxf6 gxf6 16. Nc3 e3 17. Ne4 Qf4 18. Nd6+ Bxd6 19. cxd6 Rxd6 20. Rad1 Rd2 21. Rxd2 exd2 22. g3 Qd4 23. Rd1 Rd8 24. Qf5+ Rd7 25. b3 a6 26. Kf1 Kd8 27. Qc2 Ke8 28. Ke2 Qe5+ 29. Kf3 f5 30. Kg2 Qe2 31. c5 f4 32. gxf4 f5 33. Qc3 Qg4+ 34. Qg3 Qxd1 35. Qg8+ Ke7 36. Qg7+ Kd8 37. Qh8+ Kc7 38. Qe5+ Kc8 39. Qe8+ Rd8 0-1

[Event "Heusenstamm Schloss op"]
[Site "Heusenstamm"]
[Date "2023.11.24"]
[Round "2"]
[White "Tschernatsch, Johannes"]
[Black "Berkes, Alexander"]
[Result "1/2-1/2"]
[WhiteElo "2312"]
[BlackElo "1974"]
[PlyCount "79"]
[EventDate "2023.11.23"]
[EventType "swiss"]
[EventRounds "7"]
[EventCountry "GER"]
[SourceTitle "CB48_2023"]
[SourceDate "2023.11.29"]
[SourceVersion "1"]
[SourceVersionDate "2023.11.29"]
[SourceQuality "1"]

1. e4 e6 2. d4 d5 3. Nd2 Nf6 4. e5 Nfd7 5. Bd3 c5 6. c3 Nc6 7. Ne2 cxd4 8. cxd4 f6 9. exf6 Nxf6 10. 0-0 Bd6 11. Nf3 0-0 12. Bf4 Bxf4 13. Nxf4 Ne4 14. Ne2 Ng5 15. Ne5 Qb6 16. Nxc6 bxc6 17. h4 Nf7 18. Qc2 h6 19. Nf4 Ne5 20. dxe5 Rxf4 21. Rac1 Bd7 22. g3 Rf3 23. Kg2 Raf8 24. Bh7+ Kh8 25. Bg6 Qd4 26. Qe2 Qg4 27. Bd3 Be8 28. Rce1 c5 29. Bb1 g6 30. Qa6 R3f7 31. b3 Qf3+ 32. Kg1 Qg4 33. Re3 d4 34. Re4 Qh3 35. Bd3 Rf3 36. Be2 Rxg3+ 37. fxg3 Qxg3+ 38. Kh1 Qh3+ 39. Kg1 Qg3+ 40. Kh1 1/2-1/2

[Event "Rhein Main op-A 24th"]
[Site "Bad Homburg"]
[Date "2022.06.15"]
[Round "1"]
[White "Nazarenus, Moritz"]
[Black "Berkes, Alexander"]
[Result "1/2-1/2"]
[WhiteElo "2228"]
[BlackElo "1934"]
[PlyCount "89"]
[EventDate "2022.06.15"]
[EventType "swiss"]
[EventRounds "7"]
[EventCountry "GER"]
[SourceTitle "EXT 2023"]
[Source "ChessBase"]
[SourceDate "2022.10.05"]
[SourceVersion "1"]
[SourceVersionDate "2022.10.05"]
[SourceQuality "1"]

1. d4 Nf6 2. c4 c5 3. d5 b5 4. Qc2 b4 5. e4 d6 6. Ne2 g6 7. Ng3 Bg7 8. Be2 e5 9. dxe6 fxe6 10. e5 Nfd7 11. exd6 Bb7 12. Be3 Qf6 13. Nd2 Qxb2 14. Qxb2 Bxb2 15. Rb1 Bc3 16. 0-0 Bxd2 17. Bxd2 Nc6 18. Bg4 Nd4 19. Rfe1 Kf7 20. Bc3 Rhe8 21. Bxd4 cxd4 22. Rxb4 Bc6 23. Ne4 h6 24. Bf3 Rab8 25. a3 a5 26. Rxb8 Rxb8 27. Ng5+ hxg5 28. Bxc6 Nc5 29. Bb5 Kf6 30. f3 Rd8 31. d7 Nxd7 32. Bxd7 Rxd7 33. Kf2 Rc7 34. Rc1 Ke5 35. Ke2 Rb7 36. c5 Kd5 37. c6 Rc7 38. Kd3 e5 39. a4 Rxc6 40. Rb1 Rc3+ 41. Kd2 Rc4 42. Rb5+ Rc5 43. Rb6 Rc6 44. Rb5+ Rc5 45. Rb6 1/2-1/2

[Event "Untergrombach op 37th"]
[Site "Untergrombach"]
[Date "2020.01.02"]
[Round "1"]
[White "Berkes, Alexander"]
[Black "Epishin, Vladimir"]
[Result "0-1"]
[WhiteElo "1865"]
[BlackElo "2538"]
[PlyCount "94"]
[EventDate "2020.01.02"]
[EventType "swiss"]
[EventRounds "7"]
[EventCountry "GER"]
[SourceTitle "CBM 194 Extra"]
[Source "ChessBase"]
[SourceDate "2020.03.31"]
[SourceVersion "1"]
[SourceVersionDate "2020.03.31"]
[SourceQuality "1"]

1. e4 g6 2. d4 Bg7 3. Nf3 d6 4. c3 Nd7 5. Be3 Ngf6 6. Nbd2 0-0 7. Bc4 c6 8. a4 d5 9. Bd3 Ng4 10. e5 f6 11. exf6 exf6 12. 0-0 Nxe3 13. fxe3 f5 14. c4 Nf6 15. Ne5 Be6 16. c5 a5 17. b4 axb4 18. Qb3 Bh6 19. Rfe1 Qa5 20. Bc2 Nd7 21. Ndf3 Nxe5 22. Nxe5 Rae8 23. Rab1 Bc8 24. Qxb4 Qd8 25. a5 Qh4 26. g3 Qf6 27. Qb6 Rxe5 28. dxe5 Qxe5 29. Qb3 Re8 30. Kf2 Qe7 31. Qc3 Bg7 32. Qb4 h5 33. Ba4 Qe6 34. Qf4 Bc3 35. Re2 Bxa5 36. Qd6 Qf7 37. Qb8 Bc7 38. Qa7 Be5 39. Kg2 Kg7 40. Bb3 Qe7 41. Rd1 h4 42. Qa5 hxg3 43. hxg3 Qg5 44. Qe1 Rh8 45. Qf2 Qg4 46. Kg1 Bxg3 47. Qg2 Rh2 0-1

[Event "Heusenstamm Sparkassen op-A 6th"]
[Site "Heusenstamm"]
[Date "2019.11.24"]
[Round "7"]
[White "Berkes, Alexander"]
[Black "Rondonuwu, Grover"]
[Result "1-0"]
[WhiteElo "1833"]
[BlackElo "2106"]
[PlyCount "65"]
[EventDate "2019.11.21"]
[EventType "swiss"]
[EventRounds "7"]
[EventCountry "GER"]
[SourceTitle "CBM 194 Extra"]
[Source "ChessBase"]
[SourceDate "2020.03.31"]
[SourceVersion "1"]
[SourceVersionDate "2020.03.31"]
[SourceQuality "1"]

1. e4 c5 2. Nf3 g6 3. c3 Bg7 4. d4 cxd4 5. cxd4 d5 6. e5 Bg4 7. Nc3 Nc6 8. Be3 Nh6 9. Qb3 Bxf3 10. Qxb7 0-0 11. gxf3 Rc8 12. Rc1 Rc7 13. Qb5 e6 14. Ne2 Qd7 15. Ng3 Rb8 16. Qc5 Bf8 17. Qc2 Rbb7 18. Qb1 Bb4+ 19. Kd1 Bf8 20. h4 Nb4 21. Rxc7 Rxc7 22. h5 Nf5 23. Nxf5 exf5 24. b3 Qc6 25. Bd3 Qc3 26. Ke2 Nxd3 27. Qxd3 Qb2+ 28. Kf1 Qxa2 29. Qb5 Rc3 30. hxg6 hxg6 31. Qe8 Qa6+ 32. Kg2 Qe6 33. Rh8+ 1-0

[Event "Heusenstamm Sparkassen op-A 6th"]
[Site "Heusenstamm"]
[Date "2019.11.23"]
[Round "5"]
[White "Berkes, Alexander"]
[Black "Foermes, Alexander"]
[Result "0-1"]
[WhiteElo "1833"]
[BlackElo "2074"]
[PlyCount "112"]
[EventDate "2019.11.21"]
[EventType "swiss"]
[EventRounds "7"]
[EventCountry "GER"]
[SourceTitle "CBM 194 Extra"]
[Source "ChessBase"]
[SourceDate "2020.03.31"]
[SourceVersion "1"]
[SourceVersionDate "2020.03.31"]
[SourceQuality "1"]

1. e4 c6 2. c4 d5 3. exd5 cxd5 4. cxd5 Nf6 5. Qa4+ Nbd7 6. Nc3 g6 7. Bc4 Bg7 8. d3 0-0 9. Nf3 a6 10. Qa3 b6 11. 0-0 Bb7 12. Re1 Re8 13. Be3 b5 14. Bb3 Bf8 15. Qb4 Nb6 16. Qh4 Nbxd5 17. Ne5 Bg7 18. Bh6 Rf8 19. Ne4 Qb6 20. Ng5 Rad8 21. Bxg7 Kxg7 22. Nexf7 Rxf7 23. Re6 Qc7 24. Nxf7 Kxf7 25. Rxf6+ exf6 26. Bxd5+ Kg7 27. Be4 Bc8 28. Re1 Re8 29. Rf1 Qc2 30. Qf4 f5 31. Rc1 Qe2 32. Rc7+ Kh8 33. h3 Qxb2 34. Qh6 Qa1+ 35. Rc1 Qxa2 36. Bc6 Rg8 37. Rc5 Qa1+ 38. Kh2 Qd4 39. Rd5 Qxf2 40. Qg5 Qa7 41. Bd7 Qc7+ 42. Kh1 Qd8 43. Qxd8 Rxd8 44. Be6 Rxd5 45. Bxd5 Kg7 46. Kg1 Kf6 47. Kf2 Be6 48. Bb7 a5 49. Ke3 Ke5 50. d4+ Kd6 51. Bf3 Bd5 52. Be2 a4 53. Kd2 b4 54. g3 a3 55. Kc2 b3+ 56. Kb1 Be4+ 0-1

[Event "Hessen-ch U16"]
[Site "Bad Homburg"]
[Date "2014.04.16"]
[Round "3"]
[White "Everett, Elijah David"]
[Black "Berkes, Alexander"]
[Result "0-1"]
[WhiteElo "2049"]
[BlackElo "1858"]
[PlyCount "66"]
[EventDate "2014.04.??"]
[EventType "swiss"]
[EventRounds "7"]
[EventCountry "GER"]
[SourceTitle "EXT 2022"]
[Source "ChessBase"]
[SourceDate "2021.10.06"]
[SourceVersion "1"]
[SourceVersionDate "2021.10.06"]
[SourceQuality "1"]

1. e4 e6 2. d4 d5 3. Nc3 Bb4 4. e5 c5 5. a3 Bxc3+ 6. bxc3 Ne7 7. Qg4 Kf8 8. h4 h5 9. Qd1 Nbc6 10. Nf3 Bd7 11. a4 Qa5 12. Bd2 Rc8 13. Rh3 Nf5 14. Bd3 Qc7 15. Bxf5 exf5 16. Ng5 Nd8 17. Qf3 f6 18. e6 Nxe6 19. Nxe6+ Bxe6 20. dxc5 Qxc5 21. Qf4 Kf7 22. Rb1 b6 23. Re3 Rhe8 24. Qf3 g6 25. Rb4 Bd7 26. Qf4 Rxe3+ 27. fxe3 Kg7 28. Rd4 Re8 29. Kf1 Re4 30. Qb8 Rxd4 31. exd4 Qe7 32. c4 dxc4 33. Qxa7 c3 0-1

[Event "Karl Mala Memorial op-A 16th"]
[Site "Frankfurt"]
[Date "2013.07.14"]
[Round "6"]
[White "Syed, Tareq"]
[Black "Berkes, Alexander"]
[Result "1-0"]
[WhiteElo "2028"]
[BlackElo "1826"]
[PlyCount "45"]
[EventDate "2013.07.11"]
[EventType "swiss"]
[EventRounds "7"]
[EventCountry "GER"]
[SourceTitle "EXT 2014"]
[Source "ChessBase"]
[SourceDate "2013.11.20"]
[SourceVersion "1"]
[SourceVersionDate "2013.11.20"]
[SourceQuality "1"]

1. d3 e6 2. e4 d5 3. Nd2 Nf6 4. c3 c5 5. e5 Nfd7 6. f4 Nc6 7. g3 f6 8. exf6 Nxf6 9. Ngf3 Bd6 10. Bg2 0-0 11. 0-0 e5 12. fxe5 Nxe5 13. Nxe5 Bxe5 14. Nf3 Bd6 15. Bg5 Qb6 16. Bxf6 Rxf6 17. Ng5 Bf5 18. Bxd5+ Kf8 19. Nxh7+ Bxh7 20. Qh5 Qc7 21. Qxh7 Ke8 22. Rae1+ Be5 23. Rxf6 1-0

[Event "Karl Mala Memorial op-A 16th"]
[Site "Frankfurt"]
[Date "2013.07.13"]
[Round "4"]
[White "Hillgaertner, Walter"]
[Black "Berkes, Alexander"]
[Result "0-1"]
[WhiteElo "1939"]
[BlackElo "1826"]
[PlyCount "54"]
[EventDate "2013.07.11"]
[EventType "swiss"]
[EventRounds "7"]
[EventCountry "GER"]
[SourceTitle "EXT 2014"]
[Source "ChessBase"]
[SourceDate "2013.11.20"]
[SourceVersion "1"]
[SourceVersionDate "2013.11.20"]
[SourceQuality "1"]

1. d4 Nf6 2. Nf3 g6 3. Bf4 d6 4. h3 Bg7 5. e3 0-0 6. Be2 Nbd7 7. 0-0 Qe8 8. c4 Nh5 9. Bh2 f5 10. Nc3 c6 11. Rc1 e5 12. b4 f4 13. exf4 exd4 14. Nxd4 Nxf4 15. Bxf4 Rxf4 16. Nf3 Ne5 17. Nxe5 Qxe5 18. Qd3 Be6 19. Nd1 Rd4 20. Qe3 Re4 21. Qd3 Rxe2 22. Nc3 Rb2 23. Nd1 Rxb4 24. Ne3 d5 25. Qa3 Qb2 26. Qa5 b6 27. Qa6 Bc8 0-1

[Event "Hessen-ch U16"]
[Site "Bad Homburg"]
[Date "2013.??.??"]
[Round "5"]
[White "Jin, Benjamin"]
[Black "Berkes, Alexander"]
[Result "0-1"]
[WhiteElo "1423"]
[BlackElo "1826"]
[PlyCount "104"]
[EventDate "2013.03.??"]
[EventType "swiss"]
[EventRounds "7"]
[EventCountry "GER"]
[SourceTitle "EXT 2014"]
[Source "ChessBase"]
[SourceDate "2013.11.20"]
[SourceVersion "1"]
[SourceVersionDate "2013.11.20"]
[SourceQuality "1"]

1. Nf3 Nf6 2. g3 d5 3. Bg2 Nbd7 4. d4 c5 5. 0-0 e6 6. c4 Be7 7. cxd5 Nxd5 8. Nc3 N7f6 9. Ne5 0-0 10. e4 Nxc3 11. bxc3 Nd7 12. f4 Nxe5 13. fxe5 Qc7 14. Qg4 f6 15. Bh6 Bd8 16. exf6 Rxf6 17. Rxf6 Bxf6 18. e5 Bd8 19. Rf1 Qe7 20. Be4 cxd4 21. cxd4 Bb6 22. Be3 Bd7 23. Bxb7 Rf8 24. Rxf8+ Qxf8 25. Be4 Qa3 26. Qe2 Qc3 27. Qd3 Qa1+ 28. Kg2 Qxa2+ 29. Kh3 h5 30. Bh7+ Kh8 31. Bh6 Be8 32. Be3 Bd8 33. Bg6 Bc6 34. Qf1 Qa3 35. Qf7 Qe7 36. Bxh5 a5 37. Qxe7 Bxe7 38. Bc1 Bb4 39. Bb2 a4 40. Be2 Be4 41. Bc4 a3 42. Ba1 Bd2 43. Bxe6 Bc1 44. d5 Bb2 45. d6 Bc6 46. Bxb2 axb2 47. Bf5 Bd7 48. Bxd7 b1Q 49. e6 Qf5+ 50. Kh4 g5+ 51. Kh5 Kg7 52. h3 g4+ 0-1

[Event "GER-chT U14"]
[Site "Magdeburg"]
[Date "2012.12.29"]
[Round "5.2"]
[White "Wiemann, Niklas"]
[Black "Berkes, Alexander"]
[Result "0-1"]
[WhiteElo "1452"]
[BlackElo "1894"]
[PlyCount "47"]
[EventDate "2012.12.27"]
[EventType "team-swiss"]
[EventRounds "7"]
[EventCountry "GER"]
[SourceTitle "EXT 2014"]
[Source "ChessBase"]
[SourceDate "2013.11.20"]
[SourceVersion "1"]
[SourceVersionDate "2013.11.20"]
[SourceQuality "1"]
[WhiteTeam "Kiel Doppelbauer"]
[BlackTeam "Langen"]
[WhiteTeamCountry "GER"]
[BlackTeamCountry "GER"]

1. d4 Nf6 2. Nf3 g6 3. c4 Bg7 4. Nc3 0-0 5. e3 d6 6. Be2 Nbd7 7. 0-0 e5 8. Qc2 Re8 9. b4 e4 10. Nd2 Qe7 11. a4 Nf8 12. b5 h5 13. Ba3 h4 14. d5 Bf5 15. a5 N8h7 16. Bb2 Ng5 17. Rfe1 Nd7 18. Na2 Nf3+ 19. Bxf3 exf3 20. Qc1 fxg2 21. Bxg7 Kxg7 22. Nb4 Ne5 23. a6 b6 24. Nb3 0-1

[Event "GER-chT U14"]
[Site "Magdeburg"]
[Date "2012.12.28"]
[Round "4.2"]
[White "Berkes, Alexander"]
[Black "Schmidek, Emil"]
[Result "1/2-1/2"]
[WhiteElo "1894"]
[BlackElo "1896"]
[PlyCount "110"]
[EventDate "2012.12.27"]
[EventType "team-swiss"]
[EventRounds "7"]
[EventCountry "GER"]
[SourceTitle "EXT 2014"]
[Source "ChessBase"]
[SourceDate "2013.11.20"]
[SourceVersion "1"]
[SourceVersionDate "2013.11.20"]
[SourceQuality "1"]
[WhiteTeam "Langen"]
[BlackTeam "Berlin Makkabi"]
[WhiteTeamCountry "GER"]
[BlackTeamCountry "GER"]

1. e4 e5 2. Nf3 Nc6 3. d4 exd4 4. Nxd4 Bc5 5. Be3 Qf6 6. Nb5 Bxe3 7. fxe3 Qh4+ 8. g3 Qxe4 9. Nxc7+ Kd8 10. Nxa8 Qxh1 11. Qd6 Nge7 12. Nc3 Qf3 13. Rd1 Qxe3+ 14. Be2 Qe5 15. Nb5 a6 16. Qxe5 Nxe5 17. Nd6 b5 18. Kf2 N7c6 19. Nb6 Ne7 20. Nd5 Rf8 21. Nxc8 Nxc8 22. Nb4 a5 23. Rd5 axb4 24. Rxe5 Na7 25. Bxb5 Kc7 26. Ba4 Nc6 27. Re4 Ra8 28. Bxc6 dxc6 29. Rxb4 Rxa2 30. Ke3 c5 31. Rb3 Kd6 32. Rb7 Ke6 33. Kd3 h5 34. Kc4 Ra5 35. Rc7 Ra2 36. Rxc5 Rxb2 37. Kc3 Rb8 38. Rxh5 Rc8+ 39. Kd3 Rd8+ 40. Kc4 g6 41. Rh4 Ke5 42. c3 g5 43. Rd4 Rc8+ 44. Kd3 Rh8 45. Re4+ Kd5 46. c4+ Kc5 47. Re2 Rh3 48. Rc2 f5 49. Re2 Kd6 50. Kd4 f4 51. gxf4 gxf4 52. Rf2 f3 53. Ke3 Kc5 54. Rxf3 Rxh2 55. Kd3 Rh5 1/2-1/2

[Event "GER-chT U14"]
[Site "Magdeburg"]
[Date "2012.12.28"]
[Round "3.2"]
[White "Maier, Lukas"]
[Black "Berkes, Alexander"]
[Result "1/2-1/2"]
[WhiteElo "1693"]
[BlackElo "1894"]
[PlyCount "49"]
[EventDate "2012.12.27"]
[EventType "team-swiss"]
[EventRounds "7"]
[EventCountry "GER"]
[SourceTitle "EXT 2014"]
[Source "ChessBase"]
[SourceDate "2013.11.20"]
[SourceVersion "1"]
[SourceVersionDate "2013.11.20"]
[SourceQuality "1"]
[WhiteTeam "Backnang"]
[BlackTeam "Langen"]
[WhiteTeamCountry "GER"]
[BlackTeamCountry "GER"]

1. d4 Nf6 2. c4 g6 3. Nc3 Bg7 4. Bg5 d6 5. Nf3 0-0 6. e4 h6 7. Be3 e5 8. d5 Ng4 9. Qd2 f5 10. exf5 gxf5 11. h3 Nxe3 12. Qxe3 Na6 13. 0-0-0 Nc5 14. Nd2 a5 15. f4 Re8 16. Nf3 exf4 17. Qxf4 Ne4 18. Nxe4 Rxe4 19. Qd2 Qf6 20. Bd3 Re3 21. Qc2 f4 22. Rhe1 Rxd3 23. Rxd3 Bf5 24. Red1 Re8 25. Nd4 1/2-1/2

[Event "Karl Mala Memorial op 14th"]
[Site "Frankfurt"]
[Date "2011.07.09"]
[Round "5"]
[White "Schellmann, Frank"]
[Black "Berkes, Alexander"]
[Result "1/2-1/2"]
[WhiteElo "2077"]
[BlackElo "1820"]
[PlyCount "134"]
[EventDate "2011.07.07"]
[EventType "swiss"]
[EventRounds "7"]
[EventCountry "GER"]
[SourceTitle "EXT 2012"]
[Source "ChessBase"]
[SourceDate "2011.11.24"]
[SourceVersion "1"]
[SourceVersionDate "2011.11.24"]
[SourceQuality "1"]

1. e4 e6 2. d4 d5 3. e5 c5 4. c3 Nc6 5. Nf3 Qb6 6. a3 c4 7. Nbd2 Na5 8. Be2 Bd7 9. 0-0 Ne7 10. Re1 h6 11. Rb1 0-0-0 12. b3 cxb3 13. c4 Ba4 14. Bb2 Kb8 15. c5 Qc6 16. Qc1 Qc7 17. Qc3 Nec6 18. Bd1 b6 19. Nxb3 Bxb3 20. Bxb3 bxc5 21. dxc5 Nxb3 22. Qxb3+ Ka8 23. Qc2 Be7 24. Nd4 Nxd4 25. Bxd4 Qc6 26. Rb4 Rb8 27. Reb1 Rxb4 28. axb4 Rb8 29. Bc3 Qb5 30. Ra1 a6 31. Be1 Ka7 32. Rd1 Kb7 33. f4 a5 34. bxa5 Qxc5+ 35. Qxc5 Bxc5+ 36. Kf1 Ka6 37. Rc1 Rb5 38. g3 Bb4 39. Rc7 Bxe1 40. Kxe1 Rb7 41. Rc5 Rb1+ 42. Kf2 Rb2+ 43. Kf3 Rb4 44. Rc7 Rb7 45. Rc5 Rd7 46. Ke3 g5 47. h4 gxf4+ 48. gxf4 Rb7 49. f5 Rb3+ 50. Kf4 Rb4+ 51. Kg3 d4 52. fxe6 fxe6 53. Rc6+ Kxa5 54. Rxe6 d3 55. Rd6 Re4 56. Rxd3 Rxe5 57. Rd6 h5 58. Rg6 Re8 59. Rg5+ Kb6 60. Rxh5 Kc6 61. Kf4 Kd6 62. Kf5 Re5+ 63. Kg6 Rxh5 64. Kxh5 Ke7 65. Kh6 Kf8 66. Kh7 Kf7 67. h5 Kf8 1/2-1/2

[Event "GER-chT U14"]
[Site "Magdeburg"]
[Date "2010.12.28"]
[Round "4.1"]
[White "Kulok, Solomon"]
[Black "Berkes, Alexander"]
[Result "1-0"]
[WhiteElo "1700"]
[BlackElo "1744"]
[PlyCount "68"]
[EventDate "2010.12.27"]
[EventType "team-swiss"]
[EventRounds "7"]
[EventCountry "GER"]
[SourceTitle "CBM 140 Extra"]
[Source "ChessBase"]
[SourceDate "2011.03.01"]
[SourceVersion "1"]
[SourceVersionDate "2011.03.01"]
[SourceQuality "1"]
[WhiteTeam "Nuernberg NT"]
[BlackTeam "Langen"]
[WhiteTeamCountry "GER"]
[BlackTeamCountry "GER"]

1. e4 e5 2. Nf3 d6 3. Bc4 Be7 4. 0-0 Nf6 5. Re1 0-0 6. d3 c6 7. Bb3 Bg4 8. h3 Bh5 9. Nbd2 Qc7 10. g4 Bg6 11. Nf1 Nbd7 12. Ng3 d5 13. Nf5 Bc5 14. Qe2 Rfe8 15. Qf1 h5 16. Qg2 Bb6 17. N3h4 Nf8 18. c3 Rad8 19. Bg5 hxg4 20. hxg4 N8h7 21. Bc1 a6 22. g5 Nh5 23. exd5 Bxf5 24. Nxf5 Qd7 25. Ng3 Nf4 26. Bxf4 exf4 27. Rxe8+ Rxe8 28. dxc6 Qxc6 29. Qxc6 bxc6 30. g6 Ng5 31. gxf7+ Nxf7 32. Ne4 Kf8 33. Bxf7 Rxe4 34. dxe4 Kxf7 1-0